| 000 | 00723nam a2200289Ia 4500 | ||
|---|---|---|---|
| 008 | 181129s9999 xx 000 0 und d | ||
| 020 | _a9780516246406 | ||
| 050 | _bH177 2003 | ||
| 100 | _aHall, Kirsten | ||
| 245 | 4 | _aThe tooth fairy / | |
| 245 | 0 | _cby Kirsten Hall ; illustrated by Dawn Apperley. | |
| 250 | _a1st American edition. | ||
| 260 | _aNew York, NY : | ||
| 260 | _bChildren's Press, | ||
| 260 | _c2003 | ||
| 300 | _a31 pages : | ||
| 300 | _bcolor illustrations ; | ||
| 300 | _c20cm. | ||
| 440 | _aMt first reader. | ||
| 500 | _a90L | ||
| 650 | _aStories in rhyme. | ||
| 650 | _aTeeth. | ||
| 650 | _aTooth fairy. | ||
| 700 | _aApperley, Dawn. | ||
| 700 | _aSeries. | ||
| 700 | _aTitle. | ||
| 999 |
_c359945 _d359945 |
||